Profesori strojníckej fakulty 1952 - 2002,

Gespeichert in:
Bibliographische Detailangaben
Weitere Verfasser: TREBUŇA, F. (ZusammenstellendeR), Badida, Miroslav, 1957- (ZusammenstellendeR)
Format: Buch
Sprache:Slowakisch
Veröffentlicht: Košice : Techn. univ., 2002
Ausgabe:[1. vyd.]
Schlagworte:
ISBN:8070998229
Online-Zugang: Volltext
Tags: Tag hinzufügen
Keine Tags, Fügen Sie den ersten Tag hinzu!

MARC

LEADER 00000nam a2200000 4500
003 SK-BrCVT
005 20241112142244.0
008 221214c2002 xo slo
020 |a 8070998229  |c 200.00 Sk 
035 |a CVTIDW0018077 
040 |a CVTISR  |c CVTISR  |e AACR2 
041 |a slo 
044 |a xo  |c SK 
245 0 |a Profesori strojníckej fakulty  |n 1952 - 2002,  |c Zost.: F. TREBUŇA, M. BADIDA 
250 |a [1. vyd.] 
260 1 |a Košice :  |b Techn. univ.,  |c 2002 
300 |a 284 s. 
655 4 |a informačný materiál  |9 35567 
700 1 |a TREBUŇA, F.  |4 com 
700 1 |a Badida, Miroslav,  |d 1957-  |4 com 
910 |a 4659  |b P020478 
919 |a 80-7099-822-9 
974 |a cvti cvti  |f Knihy neprofilové  |b Jana Rakovická 
992 |a AIM 
997 |h WINISIS 
999 |c 282558  |d 282558